000 01018cam a2200265 i 4500
001 19138492
005 20180307045139.0
008 160616s2015 sa a b 000 0 eng
010 _a 2015409735
020 _a9780702185557
040 _aDLC
_beng
_erda
_cDLC
041 _aeng
042 _apcc
043 _af-sa---
080 _a34 LEE
082 _234 LEE
100 _a14
101 _aJUR
245 0 0 _aStreet law :
_cby David McQuoid-Mason (general editor) with Lindi Coetzee, Lloyd Lotz, Malebakeng Forere and Rowena Bernard ; illustrated by Andy Mason with Jeff Rankin, Grant Cresswell, Luke Molver and Themba Siwela.
504 _aIncludes bibliographical references.
785 0 0 _iRevision of:
_tStreet law South Africa
_b2nd ed.
_dLansdowne [South Africa] : Juta, 2005
_z0702166685
_w(DLC) 2010289233
906 _a7
_bcbc
_corignew
_d1
_encip
_f20
_gy-gencatlg
942 _2ddc
_cBK
999 _c44283
_d44283